Broncos Fullbacks Since 2010 - Statistics

General Stats
  • This quiz has been taken 3 times
  • The average score is 5 of 19
Answer Stats
First Last Total APP Answer % Correct
2023 2026 60 Reece Walsh
100%
2019 2020 12 Anthony Milford
67%
2006 2020 124 Darius Boyd
67%
2017 2022 24 Jamayne Isaako
67%
2000 2015 17 Justin Hodges
67%
2014 2014 16 Ben Barba
33%
2015 2017 9 Jordan Kahu
33%
2017 2017 2 Kodi Nikorima
33%
2023 2025 7 Selwyn Cobbo
33%
2023 2024 13 Tristan Sailor
33%
2010 2013 25 Corey Norman
0%
2009 2011 12 Gerard beale
0%
2021 2021 1 Herbie Farnworth
0%
2025 2025 1 Jesse Arthars
0%
2008 2014 73 Josh Hoffman
0%
2014 2015 5 Lachlan Maranta
0%
2012 2012 1 Luke Capewell
0%
2022 2022 13 Te Maire Martin
0%
2020 2022 24 Tesi Niu
0%
No matching quizzes found
Score Distribution
Percent of People with Each Score
Percentile by Number Answered
Your Score History
You have not taken this quiz